Historia de la literatura argentina : tomo vi /
Guardado en:
| Autor Principal: | |
|---|---|
| Formato: | Libro |
| Publicado: |
Buenos Aires :
Peuser,
1958
|
| Materias: | |
| Etiquetas: |
Agregar Etiqueta
Sin Etiquetas, Sea el primero en etiquetar este registro!
|
| LEADER | 00759nam a22002295a 4500 | ||
|---|---|---|---|
| 001 | CEM.cems000710 | ||
| 005 | 20060210000000.0 | ||
| 008 | 130507s1958##################000#0#####d | ||
| 003 | CEMS | ||
| 082 | 0 | 4 | |a A860.9 |
| 100 | 1 | |a Arrieta, Rafael Alberto | |
| 245 | 1 | 0 | |a Historia de la literatura argentina : |b tomo vi / |
| 260 | |a Buenos Aires : |b Peuser, |c 1958 | ||
| 300 | |a 489 p. | ||
| 500 | |a La biblioteca posee t. 1, 2, 3, 4 y 6 | ||
| 505 | 0 | |a La historiograf¡a.- Cancioneros patrióticos y antolog¡as.- La traducción poética.- El libro y los bibliógrafos.- | |
| 653 | |a Bibliofilia | ||
| 653 | |a Bibliografos | ||
| 653 | |a Bibliologia | ||
| 653 | |a Historiografia | ||
| 653 | |a Literatura | ||
| 859 | |a CEMS |b BIB. CEMS - 11 de abril |h A860.9 |i Ar42/VI |p 3684.75 |t Ej.1 | ||
